Normal view
MARC view
- Dr. Hassaan Khaliq Qureshi
Entry Personal Name
001 - CONTROL NUMBER
- control field: 17729
003 - CONTROL NUMBER IDENTIFIER
- control field: NUST
005 - DATE AND TIME OF LATEST TRANSACTION
- control field: 20190716052111.0
008 - FIXED-LENGTH DATA ELEMENTS
- fixed length control field: 190716|| aca||aabn | a|a d
040 ## - CATALOGING SOURCE
- Original cataloging agency: NUST
- Transcribing agency: NUST
100 ## - HEADING--PERSONAL NAME
- Personal name: Dr. Hassaan Khaliq Qureshi
670 ## - SOURCE DATA FOUND
- Source citation: Work cat.: (NUST): Ahmed, Zohaib 17728, Detection and Prevention of Mirai botnet Using Public Blockchain /, 2019.
